000 nam a22 7a 4500
999 _c9101
_d9101
008 180123b ||||| |||| 00| 0 eng d
100 _aHorrabin J F
_95382
245 _aJawaharlal Nehru
260 _aNew Delhi
_bPenguin Books
_c2004